00493nam a2200205Ia 4500003000900000008004100009040001300050040001300063041000800076100002600084245005800110250002200168260002100190260000900211300001100220300001000231490002900241490000800270710000900278IT-RoPAU120407s9999 xx 000 0 und d aIT-RoPAU cIT-RoPAU aita aIgnace de La Potterie aSolo per amore. Riflessioni sul celibato sacerdotale. aCinisello Balsamo aEdizioni Paoline c1993 a222 p. c21 cm aDimensioni dello Spirito v126 aetc.